000 01116cam a22001934a 4500
005 20250605164359.0
008 250528s ||||||||||||||||||||||||d
035 _a24482
040 _aGR-AtMCL
_bgre
_dGR-AtMCL
_eAACR2
245 1 _aΕπειδή Είμαι στο Ντουλάπι δεν Σημαίνει ότι δεν Είμαι από 100% Φυσικό Γάλα / Γάλατα Υπάρχουν Πολλά ΝΟΥΝΟΥ Όμως Ένα
260 _c2019
300 _a58
520 _aΗ Στρατηγική μας για το Μέλλον Κινείται Γύρω από το Segment of One, Tech-Powered Φυσικότητα και 360ο Επικοινωνία, Η Μάχη του Social Commerce Έχει Ξεκινήσει, Ειξιδίκευση και Functionality και Βιωσιμότητα Βγαίνουν από τη Σκιά, Communities και Messaging και Co-Creation στην Επόμενη Μέρα του Social Media Marketing.
700 1 _aΚορδελάς Δημήτρης
_99464
942 _cCR
710 2 _aThe Marketing Week
_99825
999 _c9360
_d9360